| 000 | 00596nam a2200205 u 4500 | ||
|---|---|---|---|
| 005 | 20231115063548.0 | ||
| 008 | 081030s2007 ba r 000 0 spa d | ||
| 020 | _a9789871220861 | ||
| 035 | _aUPN01000164618 | ||
| 049 | _aCG | ||
| 050 | 4 |
_aB2424 D5 _bI6.2 |
|
| 100 | 1 | _aIpola, Emilio de | |
| 245 | 1 | 0 |
_aAlthusser, el infinito adiós / _cEmilio de Ipola. |
| 260 |
_aBuenos Aires : _bSiglo XXI, _cc2007. |
||
| 300 | _a235 p. | ||
| 440 | 0 | _aMetamorfosis | |
| 600 | 1 | 4 |
_aAlthusser, Louis, _d1919-1990 _xCrítica e interpretación _92590 |
| 650 | 4 |
_aFilosofía marxista _95578 |
|
| 905 | _aLibro | ||
| 999 |
_c136730 _d136730 |
||